000 00544nam a2200169Ia 4500
008 230917s9999||||xx |||||||||||||| ||und||
020 _cRS 395.00
040 _e5016517
_aMAIN
041 _aEnglish
082 _a891.43301731 SB21G
100 _aसैली, बलजीत
245 0 _aघोडे़ अब हांफ रहे है...
260 _aदिल्ली
_bवैभव पब्लिकेशन्स
_c2017
300 _a141 पृ. p.
500 _a3922 01/01/2020 HBD20/8118 02/01/2020 Main Budget
942 _cBK
999 _c1045
_d1045